| 000 | 01542cam a2200397 a 4500 | ||
|---|---|---|---|
| 001 | 13541 | ||
| 003 | BD-RjUL | ||
| 005 | 20211208235454.0 | ||
| 008 | 140201s2002 enka bf 001 0 eng d | ||
| 020 | _a0632057327 | ||
| 020 | _a9780632057320 | ||
| 035 |
_a(OCoLC)ocm51526582 _a(BD-RjUL)13593 |
||
| 040 |
_aAGL _cAGL _dDLC _dBD-RjUL _beng |
||
| 041 | _aeng | ||
| 070 | 0 |
_aSB613.G7 _bW38 2002 |
|
| 072 | 0 | _aF900 | |
| 082 | 0 | 0 |
_a632.5 _222 _bWEE 2002 |
| 245 | 0 | 0 |
_aWeed management handbook / _cedited by Robert E. L. Naylor. |
| 246 | 1 | _aWeed control handbook | |
| 250 | _a9th ed. | ||
| 260 |
_aOxford ; _aMalden, MA : _bPublished for the British Crop Protection Council by Blackwell Science, _c2002. |
||
| 300 |
_avii, 423 p. : _bill. ; _c24 cm. |
||
| 500 | _aRev. ed. of: Weed control handbook. 8th ed. 1990. | ||
| 504 | _aIncludes bibliographical references and index. | ||
| 650 | 0 |
_aWeeds _xIntegrated control _vHandbooks, manuals, etc. _942299 |
|
| 650 | 0 |
_aWeeds _xIntegrated control _zGreat Britain _vHandbooks, manuals, etc. _942300 |
|
| 650 | 0 |
_aHerbicides _vHandbooks, manuals, etc. _942301 |
|
| 650 | 0 |
_aHerbicides _zGreat Britain _vHandbooks, manuals, etc. _942302 |
|
| 700 | 1 |
_aNaylor, Robert E. L., ed. _942303 |
|
| 710 | 2 |
_aBritish Crop Protection Council. _942304 |
|
| 856 | 4 | 1 |
_3Table of contents _uhttp://www.loc.gov/catdir/toc/fy038/2003272088.html |
| 856 | 4 | 2 |
_3Book review (E-STREAMS) _uhttp://www.e-streams.com/es0607/es0607_2556.html |
| 942 |
_2ddc _cBK _01 |
||
| 999 |
_c13541 _d13541 |
||